| 000 | 00418nam a22001571 4500 | ||
|---|---|---|---|
| 005 | 20250901165439.0 | ||
| 008 | 721213s1954 ilu 000 0 eng | ||
| 010 | _a 54008152 | ||
| 050 | 0 | 0 |
_aHD31 .G68 _b.G68 |
| 082 | 0 | 0 | _a658.01 |
| 100 | 1 |
_aGouldner, Alvin Ward, _d1920- |
|
| 245 | 1 | 0 | _aPatterns of industrial bureaucracy. |
| 260 |
_aGlencoe, Ill., _bFree Press _c[1954] |
||
| 300 |
_a282 p. _c22 cm. |
||
| 942 | _2ddc | ||
| 999 |
_c4115 _d4115 |
||